| 000 | 00437nam a2200181Ia 4500 | ||
|---|---|---|---|
| 005 | 20251020182520.0 | ||
| 008 | 200515s9999 xx 000 0 und d | ||
| 082 | _a69.027/D14 | ||
| 245 | 0 | _aEnciclopedia de la construcción : Escaleras, parkings y garajes | |
| 260 | _aCórdova | ||
| 260 | _c199? | ||
| 300 | _aEdiciones Daly | ||
| 500 | _a1 ejemplar | ||
| 650 | _aESCALERAS | ||
| 650 | _aGARAJES | ||
| 650 | _aLIB | ||
| 942 | _cLIB | ||
| 999 |
_c1708 _d1708 |
||